Idioma
English
Deutsch
Español
Français
Italiano
日本語
Nederlands
Português
Português (Brasil)
中文(简体)
中文(繁體)
Türkçe
עברית
Gaeilge
Cymraeg
Ελληνικά
Català
Euskara
Русский
Čeština
Suomi
Svenska
polski
Dansk
slovenščina
اللغة العربية
বাংলা
Galego
Tiếng Việt
Hrvatski
हिंदी
Հայերէն
Українська
Tots els camps
Títol
Autor
Matèria
ISBN/ISSN
Etiqueta
Identificador
Trobar
Avançada
Т. 30, вып. 5; Электрохимия...
Citar
Enviar aquest missatge de text
Enviar per correu electrònic aquest
Imprimir
Exportar registre
Exportar a RefWorks
Exportar a EndNoteWeb
Exportar a EndNote
Enllaç permanent
Esportazione completata correttamente —
Т. 30, вып. 5; Электрохимия
Dades bibliogràfiques
Parent link:
Электрохимия/ Российская академия наук (РАН), Институт физической химии и электрохимии им. А. Н. Фрумкина (ИФХЭ). Т. 30, вып. 5.— , 1965-.— 0424-8570
Idioma:
rus
Publicat:
1994
Format:
MixedMaterials
Llibre
KOHA link:
https://koha.lib.tpu.ru/cgi-bin/koha/opac-detail.pl?biblionumber=444025
Fons
Descripció
Ítems similars
Visualització del personal
MARC
LEADER
00000nam2a2200000 4500
001
444025
005
20231101082009.0
035
|a
(RuTPU)RU\TPU\prd\105717
035
|a
RU\TPU\prd\105706
090
|a
444025
100
|a
20110407a19659999k y0rusy50 ca
101
0
|a
rus
102
|a
RU
200
0
|a
Т. 30, вып. 5
210
|d
1994
461
1
|0
(RuTPU)RU\TPU\prd\454
|x
0424-8570
|t
Электрохимия
|f
Российская академия наук (РАН), Институт физической химии и электрохимии им. А. Н. Фрумкина (ИФХЭ)
|v
Т. 30, вып. 5
|d
1965-
801
1
|a
RU
|b
63413507
|c
20031202
|g
PSBO
801
2
|a
RU
|b
63413507
|c
20110407
|g
RCR
942
|c
BK
999
|a
НТБ_ТПУ
|b
НФ
|e
-8/20110111
|p
П-7293
|u
0,00
|v
1
Ítems similars
Т. 30, вып. 1; Электрохимия
Publicat: (1994)
Т. 30, вып. 9; Электрохимия
Publicat: (1994)
Т. 30, вып. 10; Электрохимия
Publicat: (1994)
Т. 30, вып. 11; Электрохимия
Publicat: (1994)
Т. 30, вып. 12; Электрохимия
Publicat: (1994)